[Event "Cairo Egyptian op"]
[Site "Cairo"]
[Date "2016.04.26"]
[Round "7"]
[White "Ehab, Mohamed"]
[Black "Eisa, Mohamed Ahmed"]
[Result "0-1"]
[WhiteElo "1995"]
[BlackElo "1741"]
[PlyCount "95"]
[EventDate "2016.04.22"]
[EventType "swiss"]
[EventRounds "9"]
[EventCountry "EGY"]
[SourceTitle "CBM 172 Extra"]
[Source "ChessBase"]
[SourceDate "2016.06.21"]
[SourceVersion "1"]
[SourceVersionDate "2016.06.21"]
[SourceQuality "1"]

1. e4 c5 2. Nf3 e6 3. d4 cxd4 4. c3 dxc3 5. Nxc3 Nc6 6. Bc4 Bb4 7. 0-0 a6 8. a3 Ba5 9. Qe2 Nge7 10. b4 Bc7 11. Bb2 Ng6 12. g3 b5 13. Bb3 Bb7 14. Rfd1 0-0 15. Rac1 Bb6 16. Rc2 Qe7 17. Rcd2 Rad8 18. Nxb5 axb5 19. Qxb5 Nb8 20. Qxb6 Bxe4 21. Ne5 Nxe5 22. Bxe5 d5 23. f4 Nd7 24. Qd6 Qe8 25. Bb2 Nf6 26. Qb6 Nd7 27. Qd4 f6 28. Rc1 Qh5 29. Qf2 Rc8 30. Rd4 Rxc1+ 31. Bxc1 Qg6 32. Ba4 Rc8 33. Bb2 Nf8 34. Rd1 h6 35. Rc1 Rxc1+ 36. Bxc1 Qg4 37. b5 e5 38. fxe5 fxe5 39. Bb2 Ne6 40. Bxe5 Ng5 41. Qe3 Nf3+ 42. Kf2 Nxe5 43. b6 Nd3+ 44. Kg1 Qh3 45. Qe2 Ne5 46. Bd1 Nc4 47. Bc2 Nxb6 48. Bb3 0-1